000 00663nam a2200145Ia 4500
008 220216s9999 xx 000 0 und d
100 _aCena R L
245 0 _aPerformance of rubber under sustainable farming system model (Cacao, Coffee and Goat as intercrop)
260 _bSustainability of the NR Industry: Issues, Challenges & Opportunities: International Rubber Conference,21-22 November 2016, Cambodian Rubber Research Institute (CRRI) and International Rubber Research and Development Board (IRRDB), Siem Reap, Cambodia, p.449.
650 _aEconomic viability
650 _aFarming system
650 _aIntercrop
700 _aSiladan M U
942 _cJS
999 _c64780
_d64780